| 000 | 00390nam a2200157 a 4500 | ||
|---|---|---|---|
| 005 | 20140414132124.0 | ||
| 008 | 130213s19uu xx 00 eng d | ||
| 020 | _a9781406324419 | ||
| 050 |
_aTR _bEle37 2010 |
||
| 100 | _aHoracek, Petr | ||
| 245 | _aElephant. | ||
| 260 |
_aLondon : _bWalker Books, _c2010. |
||
| 300 | _a32p. | ||
| 650 |
_aImaginary friend- _xfiction. |
||
| 999 |
_c115158 _d115158 |
||